Catálogo
 En Linea

Temas forestales, / (Registro nro. 11245)

Detalles MARC
000 -CABECERA
campo de control de longitud fija 01072cam a22002771 4500
001 - NÚMERO DE CONTROL
campo de control 000011550
005 - FECHA Y HORA DE LA ÚLTIMA TRANSACCIÓN
campo de control 20200929162503.0
008 - DATOS DE LONGITUD FIJA--INFORMACIÓN GENERAL
campo de control de longitud fija 810828s1943 mx ab b 000 0 spa c
010 ## - NÚMERO DE CONTROL DE LA BIBLIOTECA DEL CONGRESO
Número de control de LC a 45003191
035 ## - NÚMERO DE CONTROL DEL SISTEMA
Número de control de sistema (OCoLC)7712562
040 ## - FUENTE DE LA CATALOGACIÓN
Centro catalogador/agencia de origen DO-SdBNP
Centro/agencia transcriptor WaU
Centro/agencia modificador WaU
-- DLC
042 ## - CÓDIGO DE AUTENTICACIÓN
Código de autenticación premarc
043 ## - CÓDIGO DE ÁREA GEOGRÁFICA
Código de área geográfica e-sp---
050 00 - SIGNATURA TOPOGRÁFICA DE LA BIBLIOTECA DEL CONGRESO
Número de clasificación TP997
Número de documento/Ítem .T6
100 2# - ENTRADA PRINCIPAL--NOMBRE DE PERSONA
Nombre de persona Tomeo Lacrue, Mariano.
9 (RLIN) 27328
245 10 - MENCIÓN DE TÍTULO
Título Temas forestales, /
Mención de responsabilidad, etc. por Mariano Tomeo Lacrue
-- Prologo del excmo. sr. d. Jose Ibanez Martin.
260 ## - PUBLICACIÓN, DISTRIBUCIÓN, ETC.
Lugar de publicación, distribución, etc. Zaragoza, :
Nombre del editor, distribuidor, etc. Artes graficas E. Berdejo Casanal,
Fecha de publicación, distribución, etc. 1943.
300 ## - DESCRIPCIÓN FÍSICA
Extensión 219, [2] p. :
Otras características físicas illus. (incl. maps) tables, diagrs. ;
Dimensiones 22 cm.
500 ## - NOTA GENERAL
Nota general At head of title: Consejo superior de investigaciones cientificas. Delegacion de Zaragoza.
504 ## - NOTA DE BIBLIOGRAFÍA, ETC.
Nota de bibliografía, etc. Includes bibliographies.
650 #0 - PUNTO DE ACCESO ADICIONAL DE MATERIA--TÉRMINO DE MATERIA
Término de materia o nombre geográfico como elemento de entrada Forests and forestry
Subdivisión geográfica Spain.
9 (RLIN) 27329
650 #0 - PUNTO DE ACCESO ADICIONAL DE MATERIA--TÉRMINO DE MATERIA
Término de materia o nombre geográfico como elemento de entrada Wood
Subdivisión general Chemistry.
9 (RLIN) 27330
650 #0 - PUNTO DE ACCESO ADICIONAL DE MATERIA--TÉRMINO DE MATERIA
Término de materia o nombre geográfico como elemento de entrada Forest products
Subdivisión geográfica Spain.
9 (RLIN) 27331
710 2# - PUNTO DE ACCESO ADICIONAL--NOMBRE DE ENTIDAD CORPORATIVA
Nombre de entidad corporativa o nombre de jurisdicción como elemento de entrada Consejo Superior de Investigaciones Cientificas (Spain).
Unidad subordinada Delegacion de Zaragoza.
9 (RLIN) 27332
910 ## - DATOS DE OPCIÓN DEL USUARIO (OCLC)
Datos de opción del usuario Catalogación por copia / LC
Existencias
Estado de retiro Estado de pérdida Restricciones de uso No para préstamo Código de colección Localización permanente Ubicación/localización actual Ubicación en estantería Fecha de adquisición Número de inventario Total de préstamos Signatura topográfica completa Código de barras Fecha visto por última vez Precio válido a partir de Tipo de ítem Koha
    Préstamo interno   Monografías: Libros y Folletos General General En catalogación 20.10.2009 LF1   11550-10 25.06.2020 25.06.2020 Préstamo interno

Con tecnología Koha